| 000 | 00458pab a2200169 454500 | ||
|---|---|---|---|
| 008 | 180718b2010 xxu||||| |||| 00| 0 eng d | ||
| 100 | _aSchachter, Hindy Lauer | ||
| 245 | _aObjective and subjective performance measures: A note on terminology | ||
| 260 | _c2010 | ||
| 300 | _ap.550-567. | ||
| 362 | _aSep | ||
| 650 | _aPublic administration | ||
| 650 | _aPerformance appraisal | ||
| 773 | _aAdministration and Society | ||
| 908 | _aN | ||
| 909 | _a89798 | ||
| 999 |
_c89798 _d89798 |
||